Математика: алгебра и начала математического анализа, геометрия. Алгебра и начала математического анализа (Запись № 12546484)

Подробности
000 -МАРКЕР
контрольное поле 02578nam1a2200385 i 4500
001 - ИДЕНТИФИКАТОР ЗАПИСИ
контрольное поле RU\NLR\BIBL_A\012589086
005 - ИДЕНТИФИКАТОР ВЕРСИИ
контрольное поле 20260406124232.0
010 ## - МЕЖДУНАРОДНЫЙ СТАНДАРТНЫЙ НОМЕР КНИГИ (ISBN)
Номер (ISBN) 9785090846547
Тираж 120
035 ## - ДРУГИЕ СИСТЕМНЫЕ НОМЕРА
Идентификатор записи (NLR Aleph) 012589086
100 ## - ДАННЫЕ ОБЩЕЙ ОБРАБОТКИ
Данные общей обработки 20210901d2021 e y0rusy50 ca
101 0# - ЯЗЫК РЕСУРСА
Язык текста, звукозаписи и т.д. русский
102 ## - СТРАНА ПУБЛИКАЦИИ ИЛИ ПРОИЗВОДСТВА
Страна публикации Российская Федерация
105 ## - ПОЛЕ КОДИРОВАННЫХ ДАННЫХ: ТЕКСТОВЫЕ МАТЕРИАЛЫ, МОНОГРАФИЧЕСКИЕ
Кодированные данные о монографическом текстовом документе ||||j||||||||
181 #0 - ПОЛЕ КОДИРОВАННЫХ ДАННЫХ: ВИД СОДЕРЖАНИЯ
Код вида содержания (ISBD) i3
Код характеристики содержания (ISBD) axxe
182 #0 - ПОЛЕ КОДИРОВАННЫХ ДАННЫХ: ТИП СРЕДСТВА
Код типа средства (ISBD) n - непосредственное
200 1# - ЗАГЛАВИЕ И СВЕДЕНИЯ ОБ ОТВЕТСТВЕННОСТИ
Основное заглавие Математика: алгебра и начала математического анализа, геометрия. Алгебра и начала математического анализа
Сведения, относящиеся к заглавию базовый уровень
-- 10 класс
-- учебник
-- соответствует ФГОС и ПООП СОО
-- в двух частях
Первые сведения об ответственности А.Г. Мордкович, П.В. Семенов, Л.А. Александрова, Е.Л. Мардахаева
203 ## - ВИД СОДЕРЖАНИЯ И ТИП СРЕДСТВА
Вид содержания Текст
Дополнительные сведения об издании визуальный
Тип средства непосредственный
210 ## - ПУБЛИКАЦИЯ, РАСПРОСТРАНЕНИЕ И ДР.
Место издания, распространения и т.д. Москва
Имя издателя, распространителя и т. д. Просвещение
-- БИНОМ
Дата издания, распространения и т.д. 2021
215 ## - ФИЗИЧЕСКАЯ ХАРАКТЕРИСТИКА
Размеры 22
300 ## - ОБЩИЕ ПРИМЕЧАНИЯ
Текст примечания На обороте тит. с. авт.: А.Г. Мордкович, засл. деят. науки РФ, лауреат премии Президента РФ в обл. образования, д-р пед. наук, проф., П.В. Семенов, д-р физ.-мат. наук, проф., Л.А. Александрова, отличник нар. просвещения, Е.Л. Мардахаева, канд. пед. наук, доц.
300 ## - ОБЩИЕ ПРИМЕЧАНИЯ
Текст примечания На обл.: Лаборатория А.Г. Мордковича
517 1# - ДРУГИЕ ВАРИАНТЫ ЗАГЛАВИЯ
Вариант заглавия Алгебра и начала математического анализа
606 ## - НАИМЕНОВАНИЕ ТЕМЫ КАК ПРЕДМЕТ
Наименование темы Алгебра
Формальный подзаголовок Учебники для средней школы
Системный номер авторитетной/нормативной записи 922117
Идентификатор авторитетной/нормативной записи RU\NLR\AUTH\6619328
606 1# - НАИМЕНОВАНИЕ ТЕМЫ КАК ПРЕДМЕТ
Наименование темы Математический анализ
Формальный подзаголовок Учебники для средней школы
Системный номер авторитетной/нормативной записи 963473
Идентификатор авторитетной/нормативной записи RU\NLR\AUTH\6641277
686 1# - ИНДЕКСЫ ДРУГИХ КЛАССИФИКАЦИЙ
Индекс В151я721-1
686 1# - ИНДЕКСЫ ДРУГИХ КЛАССИФИКАЦИЙ
Индекс В161.1я721-1
701 #1 - ИМЯ ЛИЦА - АЛЬТЕРНАТИВНАЯ ОТВЕТСТВЕННОСТЬ
Материалы, к которым относится поле rus
Графика поля Кириллица
Начальный элемент ввода Мордкович
Часть имени, кроме начального элемента ввода А. Г.
Даты 1940-
Расширение инициалов личного имени Александр Григорьевич
Идентификатор авторитетной/нормативной записи RU\NLR\AUTH\77983
Системный номер авторитетной/нормативной записи 111018
701 #1 - ИМЯ ЛИЦА - АЛЬТЕРНАТИВНАЯ ОТВЕТСТВЕННОСТЬ
Начальный элемент ввода Семенов
Часть имени, кроме начального элемента ввода П. В.
Дополнения к именам, кроме дат д-р физ.-мат. наук
Расширение инициалов личного имени Павел Владимирович
Идентификатор авторитетной/нормативной записи RU\NLR\AUTH\7743996
Системный номер авторитетной/нормативной записи 26938
701 #1 - ИМЯ ЛИЦА - АЛЬТЕРНАТИВНАЯ ОТВЕТСТВЕННОСТЬ
Материалы, к которым относится поле rus
Графика поля Кириллица
Начальный элемент ввода Александрова
Часть имени, кроме начального элемента ввода Л.А.
Дополнения к именам, кроме дат математик
Расширение инициалов личного имени Лидия Александровна
Идентификатор авторитетной/нормативной записи RU\NLR\AUTH\7728920
Системный номер авторитетной/нормативной записи 11949
701 #1 - ИМЯ ЛИЦА - АЛЬТЕРНАТИВНАЯ ОТВЕТСТВЕННОСТЬ
Начальный элемент ввода Мардахаева
Часть имени, кроме начального элемента ввода Е. Л.
Расширение инициалов личного имени Елена Львовна
852 ## - МЕСТОНАХОЖДЕНИЕ И ШИФР ХРАНЕНИЯ
Идентификатор организации NLR
Шифр хранения (Call Number) 2021-5/7154
942 ## - ДОПОЛНИТЕЛЬНЫЕ ЭЛЕМЕНТЫ ЗАПИСИ (АБИС)
Тип экземпляра АБИС Книга

Нет доступных экземпляров.